| 000 | 00000nam##2200000za#4500 |
| 001 | 9.699168 |
| 003 | CaOODSP |
| 005 | 20210625000247 |
| 007 | cr ||||||||||| |
| 008 | 150407|2001||||xxc|||||o f|0| 0 eng|d |
| 020 | |a978-1-55250-283-9 |
| 040 | |aCaOODSP|beng |
| 043 | |an-cn--- |
| 086 | 1 |aE97-80/2001E-PDF |
| 110 | 1 |aCanada.|bInternational Development Research Centre. |
| 245 | 10|aGender, land, and livelihoods in East Africa : |h[electronic resource]|bthrough farmers' eyes / |c[by] Ritu Verma. |
| 260 | |aOttawa - Ontario : |bInternational Development Research Centre |cc2001. |
| 300 | |a284p.|bglossary, maps, references, photographs |
| 500 | |aThe ISBN (0-88936-929-1) for the English print edition has been incorrectly printed in this electronic edition. |
| 504 | |aBibliography. |
| 590 | |a14-07-Supp|b2014-04-03 |
| 690 | 07|aPoverty|2gcpds |
| 690 | 07|aGender discrimination|2gcpds |
| 690 | 07|aLand management|2gcpds |
| 856 | 40|ahttp://publications.gc.ca|qPDF|s25.06 MB|uhttps://publications.gc.ca/collections/collection_2014/crdi-idrc/E97-80-2001-eng.pdf |